000 00814nam a2200229Ia 4500
003 GCL
008 140319s9999 xx 000 0 ara d
020 _a4007069957
040 _aGCL /
_cGCL
082 0 4 _a372.5
_bم ج
100 1 _aمحمد حسين جودى
245 1 0 _aالجديد فى الفن والتربية الفنية /
_cمحمد حسين جودى
250 _aالثانية
260 _aالاردن :
_bدار المسيرة للنشر والتوزيع والطباعة ،
_c1999
300 _a120 ص ؛
_c24 سم
650 0 4 _aالفنون التشكيلية
650 0 4 _aالتربية الفنية - طرق تدريس
650 0 4 _aالرسم - تعليم وتدريس
650 0 4 _aالتصوير - التعليم
650 0 4 _aالفن - طرق تدريس
942 _2ddc
_cBK
999 _c50837
_d50837